书目信息 |
| 题名: |
客厅·门厅·餐厅装修一本通
|
|
| 作者: | 张晶 编著 | |
| 分册: | ||
| 出版信息: | 深圳 海天出版社 2000.01 |
|
| 页数: | 52页 | |
| 开本: | 16开 | |
| 丛书名: | ||
| 单 册: | ||
| 中图分类: | TU238.2 | |
| 科图分类: | ||
| 主题词: | 建筑设计 | |
| 电子资源: | ||
| ISBN: | 7-80654-073-3 | |
| 000 | 00576nam0 2200193 45 | |
| 001 | 0102161669 | |
| 005 | 20010413090014.5 | |
| 010 | @a7-80654-073-3@d23.00元 | |
| 100 | @a20010216d2000 km y0chiy0120 ea | |
| 101 | 0 | @achi |
| 105 | @a z 000yy | |
| 200 | 1 | @a客厅·门厅·餐厅装修一本通@AKe Ting·Men Ting·CanTing Zhuang Xiu Yi Ben Tong@f张晶编著@FZhang Jing Bian Zhu |
| 210 | @a深圳@c海天出版社@d2000.01 | |
| 215 | @a52页@d16开 | |
| 606 | 0 | @a建筑设计 |
| 690 | @aTU238.2@v3 | |
| 701 | 0 | @a张晶@4编著 |
| 801 | @aCN@bPftUser@c20010216 | |
| 905 | @dTU238.2@eZH.529/9@b338169@f1 | |
| 客厅·门厅·餐厅装修一本通/张晶编著.-深圳:海天出版社,2000.01 |
| 52页;16开 |
| ISBN 7-80654-073-3:23.00元 |
| ● |
| 相关链接 |
|
|
|
正题名:客厅·门厅·餐厅装修一本通
索取号:TU238.2/ZH.529/9
 
预约/预借
| 序号 | 登录号 | 条形码 | 馆藏地/架位号 | 状态 | 备注 |
| 1 | 338169 | 203381697 | 建筑库101/101建筑库 56排4列5层/ [索取号:TU238.2/ZH.529/9] | 在馆 |